000 00566nam a2200205 i 4500
001 64413
003 ES-MaACL
005 20230906165125.0
007 t|
008 031224s1978 sp ||||1| cat d
100 1 _aFoix, J. V. (
_d1894-1987)
_951423
245 1 0 _aSol i de dol /
_cJ.V. Foix.
250 _a[2ยช ed.].
260 _aBarcelona :
_bEdicions 62,
_c[1978]
300 _a88 p. ;
_c18 cm.
490 1 _aLlibres de l'escorpi ;
_v26
830 0 _aLlibres de l'escorpi ;
_v26
_9182916
852 _aES-MaACL
_jA-9365
_bR.98462
999 _c64413
_d64413